1823 1912 1196 1099 1620 1909 1140 1039 1456 1511 1489 1381 1118 1389 1601 1327 1367 1643 1218 1850 1195 1246 1932 1532 1439 1208 1509 1018 1220 1821 1561 1245 1387 1491 1631 1445 1098 1162 1977 1418 1738 1343 1215 1874 1769 1256 1843 1257 1390 1836 1088 1847 1971 1218 1703 1363 1262 1687 1067 1913 1255 1165 1671 1328 1171 1080 1444 1447 1936 1362 1301 1079 1431 1041 1327 1334 1122 1681 1922 1854 1173 1352 1861 1032 1465 1434 1119 1330 1279 1048 1325 1189 1882 1241 1880 1897 1028 1670 1048 BCNSPRNW ULIB Ver.6.0+V

เปลี่ยนเป็นภาษาไทย

Change to English
 แสดงรายละเอียดบรรณานุกรม
  กลับหน้าหลัก

Brief Record : Get Marc (ISO 2709) : E-mail record : QR code < ปิดหน้าต่าง
LEADER : 00000nam 2200000uu 4500
001    13399114972
003     ULIB
008    120626s2553||||th 000 0 tha d
020    ^a9786167023205
050 04 ^aBQ5630.D4^bพ319ต
100 0  ^aพระไพศาล วิสาโล
245 10 ^aตื่นก่อนตาย /^cพระไพศาล วิสาโล ; เรียบเรียง, ฤชุดา บุญเปลี่ยน
260    ^aกรุงเทพฯ :^bบิสซี่เดย์,^c2553
300    ^a255 หน้า ;^c19 ซม
500    ^aชื่อเรื่องจากปกนอก
505 2  ^aสุขทุกข์อยู่ที่ใจ -- ของเราแน่หรือ -- รู้จักชีวิตที่แท้ --ตายอย่างสงบเป็นสิทธิของทุกคน -- ระลึกถึงความตายอยู่เสมอ -- มรณสติในชีวิตประจำวัน -- ต้อนรับความตายด้วยสติ -- เตรียมใจในยามป่วยหนัก -- พาคนรักสู่ความสงบ -- คำสุดท้ายจากคนรัก
650  7 ^aความตาย^xแง่ศาสนา^xพุทธศาสนา
650  7 ^aการดำเนินชีวิต^xแง่ศาสนา^xพุทธศาสนา
700 0  ^aฤชุดา บุญเปลี่ยน
945    ^p155^l0^i19133
995    ^aเกษร
999    ^aใช้งานได้ทุกระบบ
รายการนี้ยังไม่มีแท็ก
คุณยังไม่ได้ล็อกอิน คุณสามารถมีกิจกรรมร่วมกับเว็บไซต์ได้ แต่ต้องล็อกอินก่อน ::
  ล็อกอิน

รายการสื่อสารสนเทศ

ลำดับที่ ประเภท เลขเรียก/บาร์โค้ด สถานที่ สถานะ
- ไม่พบข้อมูล -

รายการใกล้เคียง
    ผู้แต่ง [พระไพศาล วิสาโล]

BibComment


ยังไม่เคยถูกคอมเมนท์

คอมเมนท์ทรัพยากรรายการนี้
  คอมเมนท์: ตื่นก่อนตาย พระ..


 Copyright 2026. Bcnsprnw @Library